000 00437nam a2200133Ia 4500
008 220204s9999 xx 000 0 und d
082 _a615.9
_bWYL.1;2
245 0 _aMycotoxic fungi, mycotoxins, mycotoxicoses: An encyclopedic handbook. V 1. Mycotoxic fungi and chemistry of mycotoxins
260 _aNew York
_bMarcel Dekker
_c1977
650 _aMycotoxins
700 _aMorehouse, Lawrence G
700 _aWylle, Thomas D
942 _cBK
999 _c28501
_d28501